[Event "Rubinstein Memorial"]
[Site "Polanica Zdroj"]
[Date "1991.??.??"]
[Round "6"]
[White "Kuczynski, Robert"]
[Black "Lau, Ralf"]
[Result "1/2-1/2"]
[WhiteElo "2480"]
[BlackElo "2500"]
[Annotator "Blatny,P"]
[PlyCount "47"]
[EventDate "1991.09.??"]
[EventType "tourn"]
[EventRounds "11"]
[EventCountry "POL"]
[EventCategory "11"]
[SourceTitle "CBM 026"]
[Source "ChessBase"]
[SourceDate "1992.02.01"]
[SourceVersion "1"]
[SourceVersionDate "1992.02.01"]
[SourceQuality "1"]

1. e4 c5 2. Nf3 e6 3. d4 cxd4 4. Nxd4 a6 5. Nc3 Qc7 6. Be2 b5 7. O-O Bb7 8. Re1
(8. Bf3 Nc6 9. Nxc6 dxc6 10. Qe2 (10. a4 $142) 10... Bd6 11. g3 Ne7 12. Bg2 O-O
13. f4 Bc5+ 14. Be3 $13 {Roese-Meier, BL 1991}) 8... Nc6 (8... b4 9. Nd5 exd5
10. exd5 Ne7 11. Bh5 g6 12. Qf3 Bg7 13. d6 Bxf3 14. Rxe7+ Kd8 15. dxc7+ Kxe7
16. Bxf3 Nc6 17. Nxc6+ dxc6 18. Bxc6 Rac8 19. Bf4 Bxb2 20. Re1+ Kf6 21. Bd7 $14
{Horvath}) 9. Nxc6 dxc6 10. e5 Rd8 (10... Ne7 {Garcia-Portisch, 1988 INF 44}) (
10... Bb4 {Dimitrov-Cvitan, 1990}) 11. Bd3 c5 12. Qh5 Ne7 13. Bg5 Rd7 14. Rad1
Nc6 15. Be4 Nd4 16. Bxb7 Qxb7 17. Rd2 h6 18. Ne4 Nf5 19. Rxd7 (19. Red1 $2 Rxd2
20. Nxd2 (20. Rxd2 hxg5 $19) 20... Qd5 $1 $17) 19... Qxd7 20. Bf6 (20. Rd1 $4
hxg5 $19) 20... Qc6 21. Rd1 Be7 $1 $8 (21... gxf6 22. Qf3 Qc7 $8 23. Nxf6+ Ke7
24. Rd7+ Qxd7 25. Nxd7 Kxd7 26. Qb7+ Kd8 27. Qb6+ $1 {/\Qxa6+- עd8,Rh8,Bf8})
22. Qf3 $1 (22. Bxe7 $2 Qxe4 $1 23. Bxc5 $8 Nh4 $1 24. f3 (24. Kf1 g6 $19)
24... Qxc2 25. Rd8+ $8 Kxd8 26. Qxh4+ Kc8 {/\Rd8-+}) 22... O-O 23. Bxe7 $2 (23.
g4 $142 $1 Kh8 $8 (23... Nd4 24. Rxd4 cxd4 25. Bxe7 $18) 24. gxf5 gxf6 25. Qf4
$1 Rg8+ (25... fxe5 $4 26. Qxh6+ Kg8 27. f6 $18) 26. Kf1 Kh7 27. exf6 Bf8 28.
Rd8 $1 exf5 $6 29. Qxf5+ Kh8 30. Ng5 $3 Rxg5 31. Rxf8+ Rg8 32. Qg4 $1 Qh1+ 33.
Ke2 $18) 23... Nxe7 24. c3 1/2-1/2

[Event "Donner Memorial op"]
[Site "Amsterdam"]
[Date "1996.??.??"]
[Round "11"]
[White "David, Alberto"]
[Black "Lobron, Eric"]
[Result "1-0"]
[WhiteElo "2435"]
[BlackElo "2585"]
[Annotator "Blatny,P"]
[PlyCount "35"]
[EventDate "1996.08.17"]
[EventType "swiss"]
[EventRounds "11"]
[EventCountry "NED"]
[SourceTitle "EXT 1997"]
[Source "ChessBase"]
[SourceDate "1996.11.15"]
[SourceVersion "1"]
[SourceVersionDate "1996.11.15"]
[SourceQuality "1"]

1. e4 c5 2. Nf3 e6 3. d4 cxd4 4. Nxd4 a6 5. Nc3 b5 6. Bd3 Bb7 7. O-O d6 8. Re1
Nf6 9. a4 b4 (9... bxa4 10. Nxa4 (10. Rxa4 Be7 11. Nb3 O-O 12. Na5 Bc8 13. Qe2
Bd7 14. Ra2 Qc7 15. Bd2 Bc8 16. Rea1 {Jovcic,M-Milicevic,M, Arandjelovac 1991})
10... Be7 11. Ra3 Nbd7 12. Rb3 Qc7 13. Rc3 Qa5 14. Bd2 Qxa4 15. Rc4 Qa2 16. Rb4
Bc8 17. c4 a5 18. Bb1 Qxb1 19. Qxb1 axb4 {Romero Holmes,A-Dorfman,J, URS-ESP
mT 1991}) 10. Nd5 $5 exd5 11. exd5+ Kd7 12. c4 $1 g6 (12... bxc3) 13. a5 $1 Bg7
14. Bf4 Kc8 15. Rc1 Nh5 $6 (15... Nfd7 16. Nb5 $3 axb5 17. Bxd6 Nf6 18. cxb5+
Kd7 19. Bc7 $1 Qf8 20. a6 Bxd5 21. b6 $18 {עd7}) (15... Re8 16. Rxe8 Nxe8 17.
c5 Bxd5 (17... Bxd4 18. cxd6+ Bc3 $8 (18... Kd7 19. Qg4+ f5 20. Qxf5+ gxf5 21.
Bxf5#) 19. bxc3 b3 20. Qxb3 Nxd6 21. Rb1 Nb5 (21... Ra7 22. Qb6 $1) 22. Qc4+
Kd7 23. Qc5 Qxa5 24. Rxb5 $1 axb5 25. Bxb5+ Bc6 26. dxc6+ Kc8 27. Qf8+ Qd8 28.
Qxd8+ Kxd8 29. c7+ $18) 18. cxd6+ Kb7 19. Nb3 $1 Bc6 20. Nc5+ Kc8 21. Bxa6+
Nxa6 22. d7+ Bxd7 23. Qd5 $1 $18) 16. c5 $1 Qf6 $2 (16... Bxd4 17. cxd6+ Bc6
18. dxc6 Nxf4 19. Qg4+ Ne6 (19... f5 20. d7+ Nxd7 21. cxd7+ Kb7 22. Qf3+ Ka7
23. Qxf4 $18) 20. Rxe6 fxe6 21. Qxd4 $18) 17. cxd6+ Kd8 18. Qc2 1-0

[Event "Athens Akropolis 15th"]
[Site "Athens"]
[Date "1992.05.17"]
[Round "4"]
[White "Pandavos, Panayotis"]
[Black "Raicevic, Vladimir"]
[Result "1-0"]
[WhiteElo "2340"]
[BlackElo "2420"]
[Annotator "Blatny,P"]
[PlyCount "85"]
[EventDate "1992.05.14"]
[EventType "tourn"]
[EventRounds "9"]
[EventCountry "GRE"]
[EventCategory "8"]
[SourceTitle "CBM 030"]
[Source "ChessBase"]
[SourceDate "1992.10.01"]
[SourceVersion "1"]
[SourceVersionDate "1992.10.01"]
[SourceQuality "1"]

1. e4 c5 2. Nf3 e6 3. d4 cxd4 4. Nxd4 a6 5. Nc3 (5. Bd3 Nf6 6. O-O Qc7 7. Nc3
Bc5 8. Nb3 Be7 9. f4 {Nagatz-Dautov, Bad Lauterberg 1991}) 5... Qc7 6. g3 (6.
Bd3 {--> Tiviakov-Bologan}) 6... Bb4 7. Nde2 Nf6 (7... b5 8. Bg2 Bb7 {/^h1-a8})
8. Bg2 Nc6 9. O-O O-O 10. Bf4 Ne5 (10... d6 11. a3 {קd6}) (10... e5 11. Bg5
$16 {><d5}) 11. Qd4 Bd6 (11... Bxc3 12. Nxc3 d6 13. Rad1 Ne8 $16) 12. Rad1 Ne8
$8 13. Qxd6 $3 Nxd6 14. Bxe5 Qb6 15. Bxd6 {2N+B:Q} Qxb2 (15... Re8 16. e5 {
/\Na4+-}) 16. Rb1 {Bd6 > Rf8} (16. Rd2 {/\Rb1} Qb6) 16... Qxc2 17. Rfc1 Qd2 (
17... Qd3 18. Rd1 Qc4 (18... Qc2 19. Ba3 {/\Rbc1 +-}) 19. Rb4 Qc6 20. e5 $18)
18. Rd1 Qg5 (18... Qc2 19. Ba3 {/\Rbc1 +-}) 19. f4 Qa5 (19... Qd8 20. e5 {
/\Na4-b6 +-}) 20. e5 {/^g2-a8} f6 21. Rd4 {R <->4 <<>>} fxe5 22. Ra4 Qd8 23.
fxe5 Ra7 {/\b5,Bb7} 24. Bxf8 (24. Rg4 b5 25. Bb8 $4 Qb6+) 24... Qxf8 25. Rf4
Qc5+ 26. Kh1 Qxe5 27. Rbf1 Qc5 (27... Qd6 28. Ne4 (28. Nd4 {/\Nb5}) 28... Qe7
29. Ng5 d5 (29... h6 30. Rf7 Qxg5 (30... Qe8 31. Ne4 Qxf7 32. Rxf7 Kxf7 33.
Nd6+ Kf8 34. Nxc8 {קb7 +-}) 31. Rf8+ Kh7 32. Be4+ $18) 30. Rf7 Qd8 31. Nd4 $18
) 28. Na4 Qa3 29. Nb6 $18 g5 30. Rc4 Qb2 31. Nxc8 Qxe2 32. Re4 Qc2 33. Nxa7 Qc5
34. h4 Qxa7 35. Re5 h6 36. hxg5 Qd4 37. Re4 Qg7 38. gxh6 Qxg3 39. Rf3 Qg5 40.
Ref4 Qxh6+ 41. Kg1 Qg7 42. Kh2 Qh6+ 43. Kg3 1-0

[Event "Poikovsky Karpov 10th"]
[Site "Poikovsky"]
[Date "2009.06.05"]
[Round "3"]
[White "Bologan, Viktor"]
[Black "Rublevsky, Sergei"]
[Result "1/2-1/2"]
[WhiteElo "2690"]
[BlackElo "2702"]
[Annotator "Bologan,V"]
[PlyCount "103"]
[EventDate "2009.06.03"]
[EventType "tourn"]
[EventRounds "9"]
[EventCountry "RUS"]
[EventCategory "18"]
[SourceTitle "CBM 131"]
[Source "ChessBase"]
[SourceDate "2009.07.15"]
[SourceVersion "1"]
[SourceVersionDate "2009.07.15"]
[SourceQuality "1"]

1. e4 c5 2. Nf3 e6 3. d4 cxd4 4. Nxd4 a6 {Trying to surprise me by playing a
line he hadn't played for a while.} ({in the first round Sergey lost against
the future champion after} 4... Nc6 5. Nc3 a6 6. Nxc6 bxc6 7. Bd3 d5 8. O-O Nf6
9. Re1 Be7 10. e5 Nd7 11. Qg4 g6 12. b3 c5 13. Bh6 Qa5 14. Na4 c4 15. Bf1 Bb7
16. Qh3 Bc6 17. Nc3 Bb4 18. a3 Bxc3 19. b4 Bxb4 20. axb4 Qxb4 21. Reb1 Qc5 22.
Bg7 Rg8 23. Qxh7 $14 {Motylev,A 2677 - Rublevsky,S 2702 , Poikovsky RUS 3.6.
2009 10th Karpov}) 5. Nc3 Qc7 6. Bd3 Nf6 7. f4 b5 8. e5 b4 {Just before the
game I checked this line and found an interesting game played by Volokitin in
which a novelty was implemented.} 9. Na4 {The knight can much more useful here
then on e2 controlling the important squares c5 and b6.} Nd5 10. Be4 Bb7 11.
O-O g6 {Novelty. The aforementioned game continued} (11... Be7 12. Nf5 Qc4 13.
Bxd5 Qxd5 14. Qxd5 Bxd5 15. Nxe7 Kxe7 16. Be3 Nc6 17. Nb6 Rab8 18. Rfd1 $16 {
Volokitin And 2659 - Stellwagen D 2605 , 30.11.2008 Bundesliga 2008-9. winning
a clear pawn.}) ({on} 11... Qa5 {I was going to react exactly as in the game}
12. c4 bxc3 13. bxc3 Nc6 14. Rb1 $1 Nxd4 15. Rxb7 Nxc3 16. Nxc3 Qxc3 17. Qa4
Rd8 18. Rd1 Bc5 19. Kf1 $14) 12. c4 $5 (12. Qd3 Be7 13. c4 bxc3 14. bxc3 $14)
12... Qxc4 (12... bxc3 13. bxc3 Nxc3 14. Nxc3 Qxc3 15. Bxb7 Bc5 16. Rb1 Qxd4+
17. Qxd4 Bxd4+ 18. Kh1 Ra7 19. Ba3 $16) 13. b3 (13. Nb6 Nxb6 14. Bxb7 Ra7 15.
Bf3 Nd5 $13) 13... Qc7 14. Qf3 (14. Bxd5 Bxd5 15. Be3 Nc6 16. Rc1 Rb8 17. Nxc6
Bxc6 18. Rf2 $44) 14... Nc6 (14... Bc5 15. Nxc5 Qxc5 16. Qf2 Nc6 17. Bxd5 Qxd5
18. Nc2 Qb5 19. Ne3 Nd4 20. Ng4 Ne2+ 21. Kh1 O-O 22. Be3 $44) 15. Bb2 Rc8 ({on
} 15... Nb6 {it looks like White has a direct attack after} 16. Rac1 Nxa4 17.
bxa4 Rc8 18. f5 {!} gxf5 19. Nxf5 exf5 20. Qxf5 Qb6+ 21. Kh1 Nd8 22. Rxc8 Bxc8
23. e6 dxe6 24. Qg5 Be7 25. Qc1 $14 {with good chances for White.}) 16. Rad1 (
16. f5 {is premature because of} Nxe5 17. Qg3 Bd6 $15) (16. Rac1 $2 Nxd4) 16...
Nc3 {Going for simplifications which finally should result in a draw.} (16...
Be7 {I was going to sacrifice an exchange on} 17. Bxd5 Nxd4 18. Rxd4 (18. Bxd4
Bxd5 19. Qf2 Qb7 20. Nb6 Rc7 21. Nxd5 Qxd5 22. Bb6 Bc5 23. Bxc5 Qxc5 24. Qxc5
Rxc5 25. Rd6 {still it's White who has to make a draw.}) 18... Bxd5 19. Rxd5
exd5 20. f5 {but now I am not so sure about it} O-O 21. Bd4 Qc2 22. f6 Bd8 23.
Qh3 Kh8 24. Qxd7 Qe4 $17) 17. Bxc3 bxc3 18. Nxc6 (18. Qxc3 Nxd4 19. Qxd4 Bxe4
20. Qxe4 Be7 21. Qd4 Qb7 $11) 18... Bxc6 19. Nxc3 d5 $1 20. exd6 Bxd6 21. Qd3
Bb4 (21... Qb6+ {would be preferable:} 22. Kh1 Be7 {with a slight edge for
Black}) 22. Bxc6+ Qxc6 23. Ne4 Be7 24. Nd6+ $1 {Otherwise the bishop is simply
better then a knight.} Bxd6 25. Qxd6 Qxd6 $6 {My opponent made this mistake
due to a further miscalculation; better was} (25... a5 26. Qxc6+ Rxc6 27. Rc1
Kd7 {with an eventual draw.}) 26. Rxd6 O-O $2 (26... Ra8 27. Rc1 Ke7 28. Rcc6
a5 29. Kf2 Rhb8 $14) 27. Rxa6 Rfd8 28. g3 $1 ({Rublevsky was expecting only} 
28. h3 Rd2 29. Kh2 Rcc2 30. Rg1 Rb2 {and Black can even try to play for a win.}
) 28... h5 29. Rf2 h4 30. gxh4 Kg7 31. Ra5 Kh6 32. Kg2 Rd1 33. Re5 {The
easiest way to win was} (33. Rb5 {'with the idea' a4.}) 33... Rb1 34. h5 {
this looked very natural both for me and my opponent, but material is material.
I would do better to keep it.} ({The best setup for White was to put the rook
on b5 and then to start to push the pawns} 34. Rb5) 34... gxh5 35. f5 Rg8+ 36.
Kf3 (36. Kh3 Rd1 37. Rf3 (37. fxe6 Rd3+ 38. Kh4 Rg4#) 37... Rd5 38. Rxd5 exd5
39. Rd3 (39. b4 d4 40. a4 Rd8 41. Rd3 Kg5 42. b5 Kxf5 43. Rd1 Ke4 44. a5 Ra8
45. Ra1 Kd5 46. Kg3 d3 {with real chances for a draw.}) 39... Ra8 40. a4 Rb8
$14) 36... Rg5 37. h4 Rxf5+ 38. Rxf5 exf5 {I was evaluating this ending as
wining for White which is far from true because I have big difficulties to
push my pawns while for Black it is very easy to create counterplay with the
f-pawn.} 39. Ke3 (39. Rc2 Rh1 40. Rc6+ Kg7 41. Kg3 Rg1+ 42. Kf4 Rg4+ 43. Kxf5
Rxh4 $14) (39. Kf4 Rh1 40. Kxf5 Rxh4 41. Rf4 Rh1 42. a4 h4 {=}) 39... Kg6 40.
Rf4 Kf6 41. Rb4 Re1+ 42. Kf3 Rf1+ 43. Ke2 Ra1 44. a4 Ke5 45. Ke3 Re1+ {!} 46.
Kd2 Ra1 {Neither side can improve the position so a draw is unavoidable.} 47.
Rc4 f4 48. Rc1 Ra2+ 49. Rc2 Ra1 50. Rc1 Ra2+ 51. Rc2 Ra1 52. Rc1 1/2-1/2